[Event "British Universities-ch"]
[Site "Telford"]
[Date "2018.02.24"]
[Round "3.4"]
[White "Cole, James"]
[Black "Manino, Edoardo"]
[Result "0-1"]
[WhiteElo "1899"]
[BlackElo "1930"]
[PlyCount "60"]
[EventDate "2018.02.24"]
[EventType "team-swiss"]
[EventRounds "5"]
[EventCountry "ENG"]
[SourceTitle "CBM 183 Extra"]
[Source "ChessBase"]
[SourceDate "2018.04.19"]
[SourceVersion "1"]
[SourceVersionDate "2018.04.19"]
[SourceQuality "1"]
[WhiteTeam "Cambridge"]
[BlackTeam "Southampton"]
[WhiteTeamCountry "ENG"]
[BlackTeamCountry "ENG"]

1. d4 d5 2. Nf3 Nf6 3. e3 c5 4. b3 Nc6 5. Bd3 Bg4 6. Bb2 e6 7. 0-0 Be7 8. Nbd2 0-0 9. h3 Bh5 10. a3 b6 11. Qe2 cxd4 12. exd4 Bg6 13. Ne5 Bxd3 14. Qxd3 Qc7 15. f4 Nd7 16. c4 dxc4 17. bxc4 Rad8 18. Qe3 Rfe8 19. Rac1 Nf8 20. Ndf3 f6 21. Nxc6 Qxc6 22. Rfd1 Bd6 23. h4 Qc7 24. g3 Ng6 25. h5 Nxf4 26. gxf4 Bxf4 27. Qe4 Bxc1 28. Rxc1 Qg3+ 29. Kf1 Qh3+ 30. Kf2 Qxh5 0-1

[Event "Vaujany op-A 6th"]
[Site "Vaujany"]
[Date "2015.07.13"]
[Round "5"]
[White "Manino, Edoardo"]
[Black "Bergero, Simone"]
[Result "1-0"]
[WhiteElo "1954"]
[BlackElo "1875"]
[PlyCount "71"]
[EventDate "2015.07.09"]
[EventType "swiss"]
[EventRounds "9"]
[EventCountry "FRA"]
[SourceTitle "EXT 2018"]
[Source "ChessBase"]
[SourceDate "2017.10.13"]
[SourceVersion "1"]
[SourceVersionDate "2017.10.13"]
[SourceQuality "1"]

1. d4 d5 2. c4 e6 3. Nc3 Nf6 4. cxd5 exd5 5. Bg5 c6 6. e3 Bf5 7. Qf3 Bg6 8. Bxf6 gxf6 9. 0-0-0 Nd7 10. Bd3 Bg7 11. h4 Qa5 12. h5 Bxd3 13. Rxd3 0-0-0 14. Nge2 Bf8 15. Kb1 Be7 16. Rc1 Nb6 17. Nf4 Nc4 18. Qe2 Bd6 19. Rdd1 Rhg8 20. g3 Bxf4 21. gxf4 Rg2 22. Rg1 Rdg8 23. Rxg2 Rxg2 24. e4 Qd8 25. exd5 cxd5 26. b3 Nb6 27. Nxd5+ Kb8 28. Ne3 Rg8 29. Qd3 h6 30. d5 Re8 31. Qd4 Qe7 32. Rd1 Qe4+ 33. Kb2 Qf3 34. Rd2 Qxh5 35. Qxf6 Nd7 36. Qd6+ 1-0

[Event "Torino San Giovanni op 2nd"]
[Site "Torino"]
[Date "2015.06.21"]
[Round "2"]
[White "Lattanzio, Savino"]
[Black "Manino, Edoardo"]
[Result "1-0"]
[WhiteElo "2112"]
[BlackElo "1965"]
[PlyCount "115"]
[EventDate "2015.06.20"]
[EventType "swiss"]
[EventRounds "6"]
[EventCountry "ITA"]
[SourceTitle "EXT 2017"]
[Source "ChessBase"]
[SourceDate "2016.10.25"]
[SourceVersion "1"]
[SourceVersionDate "2016.10.25"]
[SourceQuality "1"]

1. Nf3 d5 2. d4 Nf6 3. e3 Bg4 4. c4 c6 5. Qb3 Qc7 6. Ne5 e6 7. Nxg4 Nxg4 8. h3 Nf6 9. Nc3 Nbd7 10. Bd2 Be7 11. Rc1 Qb6 12. Qc2 0-0 13. cxd5 exd5 14. Bd3 Rfe8 15. 0-0 Nf8 16. Na4 Qc7 17. b4 a6 18. Nc5 Bd6 19. a4 Qe7 20. Rb1 Ne4 21. Nxe4 dxe4 22. Bc4 Qg5 23. f4 Qf5 24. b5 axb5 25. axb5 c5 26. dxc5 Bxc5 27. Kh1 b6 28. Ra1 Ng6 29. Rxa8 Rxa8 30. g4 Qd7 31. Qxe4 Re8 32. Qc6 Qxc6+ 33. bxc6 Rc8 34. Ra1 Ne7 35. Bb5 Kf8 36. Kg2 Nxc6 37. Kf3 Ke7 38. Bc3 g6 39. g5 Kd6 40. Bf6 Kc7 41. Bc4 Re8 42. Re1 Nd8 43. Bxd8+ Rxd8 44. Bxf7 Rd7 45. Bc4 Re7 46. e4 Kc6 47. Bd5+ Kd6 48. Rd1 Ra7 49. Rd3 Ke7 50. f5 Kf8 51. f6 Ra1 52. Be6 Ra3 53. Bb3 Ke8 54. e5 b5 55. e6 b4 56. f7+ Kf8 57. Rd8+ Kg7 58. Rg8# 1-0

[Event "Torino-ch sf"]
[Site "Torino"]
[Date "2015.06.01"]
[Round "5"]
[White "Manino, Edoardo"]
[Black "Parisi, Gianmario"]
[Result "1-0"]
[WhiteElo "1965"]
[BlackElo "1793"]
[PlyCount "35"]
[EventDate "2015.05.04"]
[EventType "swiss"]
[EventRounds "7"]
[EventCountry "ITA"]
[SourceTitle "EXT 2017"]
[Source "ChessBase"]
[SourceDate "2016.10.25"]
[SourceVersion "1"]
[SourceVersionDate "2016.10.25"]
[SourceQuality "1"]

1. d4 e6 2. c4 b6 3. Nc3 Bb7 4. e4 Bb4 5. Qc2 Nf6 6. Bd3 d5 7. cxd5 Bxc3+ 8. bxc3 exd5 9. e5 Ne4 10. Ne2 h6 11. Ba3 Nd7 12. h4 c5 13. f3 c4 14. Bxe4 dxe4 15. fxe4 g5 16. Ng3 Qc7 17. Nf5 0-0-0 18. Bd6 1-0

[Event "Como Primavera op 9th"]
[Site "Como"]
[Date "2014.04.17"]
[Round "7"]
[White "Manino, Edoardo"]
[Black "Buonocore, Elio"]
[Result "0-1"]
[WhiteElo "1926"]
[BlackElo "2177"]
[PlyCount "142"]
[EventDate "2014.03.06"]
[EventType "swiss"]
[EventRounds "7"]
[EventCountry "ITA"]
[SourceTitle "EXT 2015"]
[Source "ChessBase"]
[SourceDate "2014.11.20"]
[SourceVersion "1"]
[SourceVersionDate "2014.11.20"]
[SourceQuality "1"]

1. d4 f5 2. Nf3 Nf6 3. g3 g6 4. Bg2 d6 5. 0-0 Bg7 6. c4 0-0 7. Nc3 Qe8 8. Re1 Qf7 9. Qd3 Ne4 10. Nxe4 fxe4 11. Qxe4 Nc6 12. Be3 Bf5 13. Qh4 Qxc4 14. b3 Qb5 15. g4 Bd7 16. Rad1 Rae8 17. Ng5 h6 18. Nh3 g5 19. Nxg5 hxg5 20. Bxg5 Bf6 21. d5 Ne5 22. Be4 Rf7 23. Bxf6 exf6 24. f3 Qc5+ 25. Kh1 Qe3 26. h3 Ref8 27. Bf5 Rg7 28. Bxd7 Rxd7 29. Kg2 Rh7 30. Qg3 Ng6 31. Kf1 Qh6 32. Rc1 Rff7 33. Kf2 Re7 34. e3 Qxh3 35. Qxh3 Rxh3 36. Kg2 Rhh7 37. Kg3 Re8 38. Rc3 Rhe7 39. e4 Kg7 40. Rec1 Rc8 41. b4 Kf7 42. a4 Ke8 43. b5 b6 44. a5 bxa5 45. Ra3 Rb8 46. Rxa5 Rb7 47. Rh1 Ne5 48. Rh8+ Kd7 49. Ra8 Re8 50. R8xa7 Rxa7 51. Rxa7 Nc4 52. Ra4 Nb6 53. Ra1 Rh8 54. Kf4 Rh3 55. Rc1 Kc8 56. Rc3 Na4 57. Ra3 Nc5 58. Kf5 Rh6 59. f4 Kb7 60. g5 fxg5 61. fxg5 Rh1 62. Re3 Rf1+ 63. Kg4 Rg1+ 64. Kh5 Nd7 65. Kh6 Ne5 66. Kg7 Rxg5+ 67. Kf6 Rg2 68. Rb3 Kb6 69. Ke7 Re2 70. Rb4 Nd3 71. Rc4 Nc5 0-1

[Event "Como Primavera op 9th"]
[Site "Como"]
[Date "2014.03.20"]
[Round "3"]
[White "Manino, Edoardo"]
[Black "Bellotto, Stefano"]
[Result "1/2-1/2"]
[WhiteElo "1926"]
[BlackElo "1989"]
[PlyCount "20"]
[EventDate "2014.03.06"]
[EventType "swiss"]
[EventRounds "7"]
[EventCountry "ITA"]
[SourceTitle "EXT 2015"]
[Source "ChessBase"]
[SourceDate "2014.11.20"]
[SourceVersion "1"]
[SourceVersionDate "2014.11.20"]
[SourceQuality "1"]

1. d4 d6 2. c4 g6 3. e4 Bg7 4. Nc3 e5 5. Be3 Nc6 6. Nge2 a6 7. Qd2 Nf6 8. f3 0-0 9. 0-0-0 b5 10. c5 dxc5 1/2-1/2

[Event "Como Primavera op 9th"]
[Site "Como"]
[Date "2014.03.06"]
[Round "1"]
[White "Manino, Edoardo"]
[Black "Lipari, Alberto"]
[Result "1-0"]
[WhiteElo "1926"]
[BlackElo "1525"]
[PlyCount "113"]
[EventDate "2014.03.06"]
[EventType "swiss"]
[EventRounds "7"]
[EventCountry "ITA"]
[SourceTitle "EXT 2015"]
[Source "ChessBase"]
[SourceDate "2014.11.20"]
[SourceVersion "1"]
[SourceVersionDate "2014.11.20"]
[SourceQuality "1"]

1. d4 g6 2. c4 Bg7 3. e4 d6 4. Nc3 Nc6 5. Be3 e5 6. Nf3 Bg4 7. d5 Nd4 8. Be2 Bxf3 9. Bxf3 Ne7 10. Ne2 c5 11. dxc6 Nexc6 12. Nxd4 exd4 13. Bf4 0-0 14. 0-0 f5 15. exf5 Rxf5 16. Bd5+ Kh8 17. Bg3 Qc7 18. Qb3 a5 19. Be4 Rc5 20. Rac1 a4 21. Qd1 Ne5 22. b3 axb3 23. axb3 Nc6 24. f4 Rf8 25. Qd2 Na5 26. Rb1 b5 27. Bc2 Qb6 28. Bf2 Nc6 29. Be4 bxc4 30. bxc4 Qa5 31. Qc1 Qa4 32. Bd5 Ne7 33. Ra1 Qd7 34. Be4 d5 35. Qa3 Rxc4 36. Bf3 h5 37. Rfe1 Rf7 38. Rad1 Nf5 39. Qa8+ Kh7 40. Qxd5 Ra4 41. Qxd7 Rxd7 42. Bc6 Raa7 43. Bxd7 Rxd7 44. Rd3 Bh6 45. Re4 Bg7 46. Kf1 Kh6 47. Re6 h4 48. Ke2 Kh5 49. Kf3 g5 50. fxg5 Kxg5 51. Be1 Rf7 52. Ke2 Ne7 53. Re4 Nc6 54. Bxh4+ Kh5 55. Rh3 d3+ 56. Kxd3 Ne5+ 57. Rxe5+ 1-0

[Event "Dieppe op 09th"]
[Site "Dieppe"]
[Date "2013.08.27"]
[Round "4"]
[White "Manino, Edoardo"]
[Black "Le Quang, Kim"]
[Result "0-1"]
[WhiteElo "1959"]
[BlackElo "2225"]
[PlyCount "52"]
[EventDate "2013.08.26"]
[EventType "swiss"]
[EventRounds "9"]
[EventCountry "FRA"]
[SourceTitle "EXT 2014"]
[Source "ChessBase"]
[SourceDate "2013.11.20"]
[SourceVersion "1"]
[SourceVersionDate "2013.11.20"]
[SourceQuality "1"]

1. d4 f5 2. Nf3 Nf6 3. c4 g6 4. g3 Bg7 5. Bg2 0-0 6. b4 c6 7. Bb2 d5 8. Qb3 Kh8 9. 0-0 Be6 10. c5 Nbd7 11. a4 Ne4 12. Nfd2 Bg8 13. f4 b6 14. cxb6 Qxb6 15. e3 Rfb8 16. Ba3 a5 17. Bxe4 dxe4 18. Nc4 Qa6 19. Nbd2 axb4 20. Bb2 Nb6 21. d5 Bxd5 22. Bxg7+ Kxg7 23. Qb2+ Kg8 24. Ne5 Nxa4 25. Rxa4 Qxa4 26. Ndc4 b3 0-1

[Event "Torino SST Junior-Senior (azzurro)"]
[Site "Torino"]
[Date "2012.04.19"]
[Round "7"]
[White "Manino, Edoardo"]
[Black "Grinza, Andrea"]
[Result "1/2-1/2"]
[WhiteElo "1900"]
[BlackElo "2158"]
[PlyCount "115"]
[EventDate "2011.10.20"]
[EventType "schev"]
[EventRounds "8"]
[EventCountry "ITA"]
[SourceTitle "EXT 2018"]
[Source "ChessBase"]
[SourceDate "2017.10.13"]
[SourceVersion "1"]
[SourceVersionDate "2017.10.13"]
[SourceQuality "1"]

1. d4 Nf6 2. c4 g6 3. f3 Bg7 4. e4 d6 5. Nc3 0-0 6. Be3 c5 7. dxc5 dxc5 8. Qxd8 Rxd8 9. Bxc5 Nc6 10. Ba3 b6 11. Nge2 Ba6 12. Nf4 Nd4 13. 0-0-0 Bh6 14. g3 e5 15. Be7 Kg7 16. Bxf6+ Kxf6 17. Ncd5+ Rxd5 18. exd5 Nf5 19. Kb1 exf4 20. g4 Ne3 21. Rd4 Rc8 22. b3 b5 23. cxb5 Bb7 24. Bc4 Ke5 25. Re4+ Kd6 26. h4 Bxd5 27. Bxd5 Kxd5 28. g5 Bg7 29. Rc1 Rxc1+ 30. Kxc1 Be5 31. Kd2 Ng2 32. a4 Nxh4 33. Ke2 Nf5 34. Kf2 Bd4+ 35. Ke1 Be3 36. Rc4 Nd4 37. Rc7 Nxf3+ 38. Kf1 Nxg5 39. a5 f3 40. b6 Ne4 41. Rxf7 axb6 42. a6 b5 43. a7 Ng3+ 44. Ke1 f2+ 45. Rxf2 Bxa7 46. Rf7 Be3 47. Rxh7 Kd4 48. Rb7 Kc5 49. Re7 Nf5 50. Re6 Nh4 51. Re5+ Kd4 52. Rxb5 g5 53. Rb4+ Kc3 54. Rxh4 gxh4 55. Ke2 Kd4 56. Kf3 Kd3 57. Kg2 Ke4 58. Kh1 1/2-1/2

[Event "Montecatine Terme op 16th"]
[Site "Montecatini Terme"]
[Date "2009.12.??"]
[Round "1"]
[White "Djuric, Stefan"]
[Black "Manino, Edoardo"]
[Result "1-0"]
[WhiteElo "2411"]
[BlackElo "1960"]
[PlyCount "39"]
[EventDate "2009.12.27"]
[EventType "swiss"]
[EventRounds "6"]
[EventCountry "ITA"]
[SourceTitle "EXT 2012"]
[Source "ChessBase"]
[SourceDate "2011.11.24"]
[SourceVersion "1"]
[SourceVersionDate "2011.11.24"]
[SourceQuality "1"]

1. e4 e6 2. d4 d5 3. e5 c5 4. c3 Nc6 5. Nf3 Qb6 6. Be2 Nh6 7. Bxh6 Qxb2 8. Bc1 Qxa1 9. Qc2 Bd7 10. dxc5 Bxc5 11. 0-0 Nd4 12. cxd4 Bxd4 13. Ba3 Bxe5 14. Bb5 Bf6 15. Qa4 Rd8 16. Rc1 Qxa2 17. Bxd7+ Rxd7 18. Ne5 Be7 19. Qxd7+ Kf8 20. Rc8# 1-0

[Event "Montecatine Terme op 16th"]
[Site "Montecatini Terme"]
[Date "2009.12.??"]
[Round "3"]
[White "Franchini, Gabriele"]
[Black "Manino, Edoardo"]
[Result "0-1"]
[WhiteElo "2179"]
[BlackElo "1960"]
[PlyCount "58"]
[EventDate "2009.12.27"]
[EventType "swiss"]
[EventRounds "6"]
[EventCountry "ITA"]
[SourceTitle "EXT 2012"]
[Source "ChessBase"]
[SourceDate "2011.11.24"]
[SourceVersion "1"]
[SourceVersionDate "2011.11.24"]
[SourceQuality "1"]

1. e4 e6 2. d4 d5 3. Nc3 Bb4 4. Nge2 dxe4 5. a3 Be7 6. Nxe4 Nf6 7. Qd3 Nbd7 8. Bf4 b6 9. 0-0-0 Bb7 10. f3 0-0 11. N2c3 c5 12. dxc5 Nxc5 13. Qb5 Qc8 14. Nxc5 Qxc5 15. Qxc5 Bxc5 16. Bd3 Nd5 17. Nxd5 Bxd5 18. Bb5 a6 19. Bd3 Rfd8 20. b4 Be7 21. Bc7 Rdc8 22. Bxb6 Rc3 23. Bd4 Rxa3 24. c4 Bc6 25. b5 axb5 26. cxb5 Bg5+ 27. Kb1 Rb3+ 28. Kc2 Bd5 29. Rd2 Ra2+ 0-1